000
00231nam a2200097Ia 4500
008
190216s9999||||xx |||||||||||||| ||und||
100
_a
Abdul Asees
245
0
_a
Salesmanum Receptionistum
260
_b
Kerala Basha Inst
942
_c
BK
999
_c
38844
_d
38844